Abszolút hit
Elmentve itt :
| Szerző: | |
|---|---|
| Dokumentumtípus: | Cikk |
| Megjelent: |
1985-08-14
|
| Sorozat: | Délmagyarország
75 No. 190 |
| Kulcsszavak: | Szabadtéri Játékok |
| Online Access: | http://dmarchiv.bibl.u-szeged.hu/123482 |
| LEADER | 00437nab a2200157 i 4500 | ||
|---|---|---|---|
| 001 | delm123482 | ||
| 005 | 20190909101028.0 | ||
| 008 | 190909s1985 hu o 0|| hun d | ||
| 040 | |a SZTE Délmagyarország Archívum |b hun | ||
| 041 | |a hun | ||
| 100 | 1 | |a Varjú Erika | |
| 245 | 1 | 0 | |a Abszolút hit |h [elektronikus dokumentum] / |c Varjú Erika |
| 260 | |c 1985-08-14 | ||
| 300 | |a 5 | ||
| 490 | 0 | |a Délmagyarország |v 75 No. 190 | |
| 695 | |a Szabadtéri Játékok | ||